| 000 | 00872nam a22002297a 4500 | ||
|---|---|---|---|
| 005 | 20100331124717.0 | ||
| 008 | 100331t xxu||||| |||| 00| 0 eng d | ||
| 010 | _aENG-95938 | ||
| 020 |
_a9788184840414 _c1250.00 |
||
| 035 | _aEN-79471 | ||
| 037 | _bDBAD/PUB | ||
| 040 | _aDPL | ||
| 082 | _a954.084092 | ||
| 100 | _aMahendru, K.C. | ||
| 245 |
_aJP's tryst with India's destiny and his mission/ _cby K.C. Mahendru |
||
| 260 |
_aNew Delhi _bRegal Publications _c2009 |
||
| 270 |
_aF-159, Rajouri Garden _bNew Delhi _e110027 |
||
| 300 |
_axix, 344p. : _c24 cm. (Hb) |
||
| 500 | _aIncludes bibliographical refrences and index | ||
| 942 |
_2ddc _cEN _mMAH _h954.084092 |
||
| 999 |
_c34949 _d34949 |
||